[Event "2. Bundesliga Ost 2017/2018"]
[Site "alle Wien"]
[Date "2017.11.19"]
[Round "4"]
[Board "4"]
[White "Exler, Veronika"]
[Black "Hofegger, Jakob"]
[Result "1-0"]
[WhiteElo "2175"]
[BlackElo "2117"]
[PlyCount "129"]
[EventDate "2017.10.21"]
[EventType "team"]
[EventRounds "11"]
[EventCountry "AUT"]
[WhiteTeam "SC Donaustadt"]
[BlackTeam "SK Advisory Invest Baden"]

1. d4 Nf6 2. c4 g6 3. Nf3 Bg7 4. Nc3 O-O 5. e4 d6 6. Be2 e5 7. O-O Nc6 8. dxe5
dxe5 9. Bg5 Qxd1 10. Rfxd1 Bg4 11. Be3 Rad8 12. h3 Bxf3 13. Bxf3 Nd4 14. Nb5
Ne8 15. Bg5 Rd7 16. Nxd4 exd4 17. e5 Bxe5 18. Bxb7 Bf6 19. Bxf6 Nxf6 20. c5
Rfd8 21. Bc6 Re7 22. Rd2 Re6 23. Bf3 Rb8 24. b3 Rb4 25. Rad1 Ne4 26. Rxd4 Rxd4
27. Rxd4 Nxc5 28. Rd5 Re1+ 29. Kh2 Rc1 30. b4 Na6 31. a3 c5 32. Rd6 Nc7 33. Rc6
Ne6 34. Bg4 Rc3 35. Bxe6 fxe6 36. Rc8+ Kg7 37. Rc7+ Kf6 38. Rxa7 cxb4 39. axb4
h5 40. Ra5 h4 41. Rb5 Rc2 42. f3 Rb2 43. Rb8 Kg7 44. b5 Kh7 45. b6 Kg7 46. Kg1
Kf6 47. b7 Ke5 48. Kf1 Rb3 49. Ke2 Rb2+ 50. Kd3 Rb3+ 51. Kc4 Rb1 52. Kc5 Rc1+
53. Kb6 Rb1+ 54. Kc6 Rc1+ 55. Kd7 Rd1+ 56. Ke7 Rb1 57. Kf7 Kf5 58. Kg7 Kg5 59.
f4+ Kxf4 60. Rf8+ Kg3 61. b8=Q+ Rxb8 62. Rxb8 Kxg2 63. Rb3 g5 64. Kf6 g4 65.
hxg4  1-0

[Event "2. Bundesliga Ost 2017/2018"]
[Site "alle Wien"]
[Date "2017.11.19"]
[Round "4"]
[Board "5"]
[White "Juenger, Heinz"]
[Black "Froewis, Annika"]
[Result "1/2-1/2"]
[WhiteElo "2116"]
[BlackElo "2084"]
[PlyCount "57"]
[EventDate "2017.10.21"]
[EventType "team"]
[EventRounds "11"]
[EventCountry "AUT"]
[WhiteTeam "SK Advisory Invest Baden"]
[BlackTeam "SC Donaustadt"]

1. d4 d5 2. c4 e6 3. Nf3 Nf6 4. g3 Bb4+ 5. Bd2 Be7 6. Bg2 O-O 7. O-O Nbd7 8.
Qc2 Ne4 9. Be3 c6 10. Ne1 Nd6 11. cxd5 exd5 12. Bf4 Nf6 13. Bxd6 Bxd6 14. Nc3
Re8 15. Rb1 a5 16. Na4 g6 17. Rc1 Bf5 18. Qb3 b5 19. Nc3 b4 20. Na4 Rxe2 21.
Rxc6 Bf8 22. Qd1 Re8 23. Nc5 Bg7 24. Nc2 Rc8 25. Rxc8 Qxc8 26. Ne3 Bh3 27. Qa4
Bxg2 28. Kxg2 Qa8 29. Nb3  1/2-1/2

[Event "2. Bundesliga Ost 2017/2018"]
[Site "alle Wien"]
[Date "2017.11.19"]
[Round "4"]
[Board "6"]
[White "Hofbauer, Peter"]
[Black "Herndlbauer, Martin"]
[Result "1/2-1/2"]
[WhiteElo "2046"]
[BlackElo "2079"]
[PlyCount "30"]
[EventDate "2017.10.21"]
[EventType "team"]
[EventRounds "11"]
[EventCountry "AUT"]
[WhiteTeam "SC Donaustadt"]
[BlackTeam "SK Advisory Invest Baden"]

1. e4 d6 2. d4 Nf6 3. Nc3 e5 4. dxe5 dxe5 5. Qxd8+ Kxd8 6. Bg5 c6 7. O-O-O+
Nbd7 8. Bc4 Ke8 9. f3 h6 10. Be3 Bc5 11. Bxc5 Nxc5 12. a3 Be6 13. Bxe6 Nxe6 14.
Nge2 Ke7 15. Rd2 Rhd8  1/2-1/2

[Event "2. Bundesliga Ost 2017/2018"]
[Site "alle Wien"]
[Date "2017.11.19"]
[Round "4"]
[Board "1"]
[White "Schwarhofer, Christopher"]
[Black "Smolkov, Igor"]
[Result "1-0"]
[WhiteElo "2370"]
[BlackElo "2305"]
[PlyCount "73"]
[EventDate "2017.10.21"]
[EventType "team"]
[EventRounds "11"]
[EventCountry "AUT"]
[WhiteTeam "Blackburne Nickelsdorf"]
[BlackTeam "SK Hietzing"]

1. e4 c6 2. d4 d5 3. Nc3 dxe4 4. Nxe4 Nd7 5. Bc4 Ngf6 6. Nxf6+ Nxf6 7. Nf3 g6
8. Ne5 e6 9. Qf3 Bg7 10. Bg5 h6 11. Be3 O-O 12. h4 Nd7 13. Ng4 Kh7 14. Qf4 h5
15. Nh2 e5 16. dxe5 Nxe5 17. Rd1 Qe7 18. Be2 f5 19. Nf3 Nxf3+ 20. Bxf3 Be6 21.
O-O Rfd8 22. b3 Rxd1 23. Rxd1 Rd8 24. Rxd8 Qxd8 25. Qb4 b6 26. Qa4 Bd5 27. Bxd5
cxd5 28. Qxa7 d4 29. Bg5 Qd6 30. Qe7 Qc6 31. g3 b5 32. a4 bxa4 33. bxa4 Kg8 34.
a5 Qa4 35. Qd8+ Kh7 36. Qc7 Qe8 37. Bf6  1-0

[Event "2. Bundesliga Ost 2017/2018"]
[Site "alle Wien"]
[Date "2017.11.19"]
[Round "4"]
[Board "2"]
[White "Penz, Harald"]
[Black "Lendwai, Reinhard"]
[Result "1/2-1/2"]
[WhiteElo "2311"]
[BlackElo "2389"]
[PlyCount "74"]
[EventDate "2017.10.21"]
[EventType "team"]
[EventRounds "11"]
[EventCountry "AUT"]
[WhiteTeam "SK Hietzing"]
[BlackTeam "Blackburne Nickelsdorf"]

1. e4 c6 2. Nc3 d5 3. Nf3 Bg4 4. h3 Bxf3 5. Qxf3 e6 6. d3 g6 7. g3 Bg7 8. Bg2
Ne7 9. O-O h5 10. Qe2 d4 11. Nd1 h4 12. g4 e5 13. f4 exf4 14. Bxf4 Nd7 15. g5
Be5 16. Bd2 Qc7 17. Nf2 c5 18. Ng4 Nc6 19. Nxe5 Ndxe5 20. Rf4 O-O-O 21. b3 Rh5
22. Rf2 Qe7 23. Bf3 Rh7 24. Bg4+ Kb8 25. Bf4 Ka8 26. Raf1 a6 27. Bc1 Ka7 28.
Rf6 Rd6 29. a3 Rxf6 30. Rxf6 Qc7 31. a4 Nb4 32. Bf4 Qe7 33. Qh2 Nbc6 34. Bd1
Rh8 35. Qf2 Rh7 36. Qh2 Rh8 37. Qf2 Rh7  1/2-1/2

[Event "2. Bundesliga Ost 2017/2018"]
[Site "alle Wien"]
[Date "2017.11.19"]
[Round "4"]
[Board "3"]
[White "Vlcek, Stanislav"]
[Black "Belke, Frank"]
[Result "1-0"]
[WhiteElo "2258"]
[BlackElo "2299"]
[PlyCount "107"]
[EventDate "2017.10.21"]
[EventType "team"]
[EventRounds "11"]
[EventCountry "AUT"]
[WhiteTeam "Blackburne Nickelsdorf"]
[BlackTeam "SK Hietzing"]

1. e4 e6 2. d3 d5 3. Qe2 d4 4. g3 c5 5. Nf3 Nc6 6. e5 Nge7 7. Bg2 Ng6 8. O-O f6
9. exf6 gxf6 10. c3 e5 11. Nbd2 Bd6 12. Ne4 O-O 13. Bh6 Rf7 14. b4 cxb4 15.
cxd4 Bg4 16. Nxd6 Qxd6 17. dxe5 Ncxe5 18. h3 Nxf3+ 19. Bxf3 Bxh3 20. Rfe1 Re7
21. Qd2 Ne5 22. Bh1 Rae8 23. d4 Nc6 24. Rxe7 Rxe7 25. Be3 Bf5 26. d5 Ne5 27.
Rc1 b6 28. Bf4 Bd7 29. Qc2 Be8 30. Qc8 Kg7 31. Qh3 Bg6 32. Qh6+ Kf7 33. Rc8 Re8
34. Rc6 Qd7 35. Rxf6+ Kxf6 36. Qg5+ Kf7 37. Bxe5 Qe7 38. Qf4+ Kg8 39. Bd4 Rf8
40. Qd2 Qd6 41. Bb2 Re8 42. Bf3 Kf7 43. Qd4 Rg8 44. Bg4 Ke8 45. Qe3+ Qe7 46.
Be5 Qc5 47. Bd4+ Qe7 48. Qf4 Rf8 49. Qb8+ Qd8 50. Qe5+ Qe7 51. Qb8+ Qd8 52. Qb7
Qe7 53. Qc8+ Qd8 54. Qc6+  1-0

[Event "2. Bundesliga Ost 2017/2018"]
[Site "alle Wien"]
[Date "2017.11.19"]
[Round "4"]
[Board "4"]
[White "Stadler, Peter"]
[Black "Bury, Rastislav"]
[Result "0-1"]
[WhiteElo "2035"]
[BlackElo "2158"]
[PlyCount "112"]
[EventDate "2017.10.21"]
[EventType "team"]
[EventRounds "11"]
[EventCountry "AUT"]
[WhiteTeam "SK Hietzing"]
[BlackTeam "Blackburne Nickelsdorf"]

1. d4 Nf6 2. Nf3 e6 3. g3 b6 4. Bg2 Bb7 5. c4 Bb4+ 6. Bd2 Be7 7. O-O O-O 8. Nc3
Ne4 9. Be1 d6 10. Qc2 Nxc3 11. Bxc3 Nd7 12. e4 Bf6 13. Rfe1 e5 14. Rad1 Qe7 15.
dxe5 Nxe5 16. Nxe5 Bxe5 17. f4 Bxc3 18. Qxc3 Qd7 19. c5 bxc5 20. Qxc5 Rfd8 21.
Qc2 Qb5 22. Qxc7 Rac8 23. Rxd6 Re8 24. Qd7 Qc5+ 25. Kh1 Bc6 26. Rxc6 Qxc6 27.
Qxa7 Ra8 28. Qf2 Rxa2 29. e5 Qb5 30. Re2 Rb8 31. Bf3 Rxb2 32. Kg2 Qb6 33. Qxb6
R8xb6 34. Kf2 Kf8 35. Rxb2 Rxb2+ 36. Be2 Ke7 37. Ke3 f6 38. exf6+ Kxf6 39. h3
Rb3+ 40. Bd3 Ke6 41. Kd4 Kd6 42. g4 h6 43. h4 Rb4+ 44. Ke3 Kd5 45. Bf5 Rb3+ 46.
Kf2 Kd4 47. h5 Kc3 48. Ke3 Rb4 49. Bg6 Rd4 50. g5 hxg5 51. fxg5 Rg4 52. Kf3
Rxg5 53. Kf4 Rc5 54. Be8 Kd4 55. Bf7 Re5 56. Bg8 Rxh5  0-1

[Event "2. Bundesliga Ost 2017/2018"]
[Site "alle Wien"]
[Date "2017.11.19"]
[Round "4"]
[Board "5"]
[White "Koffler, Daniel"]
[Black "Prager, Michael"]
[Result "0-1"]
[WhiteElo "2108"]
[BlackElo "1997"]
[PlyCount "30"]
[EventDate "2017.10.21"]
[EventType "team"]
[EventRounds "11"]
[EventCountry "AUT"]
[WhiteTeam "Blackburne Nickelsdorf"]
[BlackTeam "SK Hietzing"]

1. e4 e5 2. Nf3 Nc6 3. Bb5 Nf6 4. Nc3 a6 5. Bxc6 dxc6 6. O-O Bg4 7. h3 Bxf3 8.
Qxf3 Bc5 9. d3 h6 10. Be3 Bxe3 11. Qxe3 O-O 12. f4 exf4 13. Rxf4 Qe7 14. Raf1
Rae8 15. Ne2 Nd5  0-1

[Event "2. Bundesliga Ost 2017/2018"]
[Site "alle Wien"]
[Date "2017.11.19"]
[Round "4"]
[Board "6"]
[White "Prager, Manfred"]
[Black "Kuntner, Reinhard"]
[Result "1/2-1/2"]
[WhiteElo "2017"]
[BlackElo "2055"]
[PlyCount "55"]
[EventDate "2017.10.21"]
[EventType "team"]
[EventRounds "11"]
[EventCountry "AUT"]
[WhiteTeam "SK Hietzing"]
[BlackTeam "Blackburne Nickelsdorf"]

1. e4 Nf6 2. Nc3 d5 3. e5 Ne4 4. Nxe4 dxe4 5. d4 exd3 6. Bxd3 a6 7. Be3 c5 8.
f4 e6 9. Nf3 Nc6 10. O-O Be7 11. c3 Qc7 12. Qc2 g6 13. Nd2 b6 14. Be4 Bb7 15.
Rad1 Rd8 16. Nc4 O-O 17. Bf2 b5 18. Nd2 Na5 19. b3 Rd7 20. Bxb7 Nxb7 21. Ne4
Rfd8 22. Be3 Qc6 23. Nf2 c4 24. b4 a5 25. a3 axb4 26. axb4 Rxd1 27. Rxd1 Qa6
28. Rxd8+  1/2-1/2

[Event "2. Bundesliga Ost 2017/2018"]
[Site "alle Wien"]
[Date "2017.11.19"]
[Round "4"]
[Board "2"]
[White "Gstach, Jakob"]
[Black "Galyas, Miklos"]
[Result "0-1"]
[WhiteElo "2285"]
[BlackElo "2506"]
[PlyCount "60"]
[EventDate "2017.10.21"]
[EventType "team"]
[EventRounds "11"]
[EventCountry "AUT"]
[WhiteTeam "L.A. Kraftanlage Ottakring 2"]
[BlackTeam "ASVOE Pamhagen 2"]

1. d4 d6 2. Nf3 g6 3. c4 f5 4. g3 Nf6 5. Bg2 Bg7 6. O-O O-O 7. Nc3 c6 8. b3 Qc7
9. Ba3 Na6 10. Qc2 Rb8 11. b4 b5 12. cxb5 cxb5 13. Qb3+ Qc4 14. Qxc4+ bxc4 15.
Rab1 Nc7 16. Rfc1 Ne4 17. Nxe4 fxe4 18. Ne1 Nb5 19. Nc2 Nc3 20. e3 Ne2+ 21. Kf1
Nxc1 22. Bxc1 d5 23. a4 Bd7 24. b5 a6 25. Ba3 axb5 26. a5 e6 27. Bc5 Ra8 28.
Ra1 Rfc8 29. Ra2 Rxc5 30. dxc5 Bf8  0-1

[Event "2. Bundesliga Ost 2017/2018"]
[Site "alle Wien"]
[Date "2017.11.19"]
[Round "4"]
[Board "3"]
[White "Lipka, Juraj"]
[Black "Steiner, Adam"]
[Result "1-0"]
[WhiteElo "2416"]
[BlackElo "2179"]
[PlyCount "73"]
[EventDate "2017.10.21"]
[EventType "team"]
[EventRounds "11"]
[EventCountry "AUT"]
[WhiteTeam "ASVOE Pamhagen 2"]
[BlackTeam "L.A. Kraftanlage Ottakring 2"]

1. Nf3 d5 2. g3 Bg4 3. Bg2 Nd7 4. O-O Ngf6 5. d3 c6 6. h3 Bh5 7. Qe1 e5 8. e4
dxe4 9. dxe4 Bc5 10. b4 Bb6 11. Nbd2 Qe7 12. Nc4 Bc7 13. a4 Qe6 14. Na5 Bxa5
15. bxa5 Qc4 16. Ba3 c5 17. Nd2 Qxc2 18. Qe3 Rc8 19. Rfc1 Qxa4 20. Bxc5 Rxc5
21. Rxa4 Rxc1+ 22. Nf1 Rc5 23. Rb4 b6 24. axb6 axb6 25. Rxb6 O-O 26. Rb7 h6 27.
Qd3 Nb8 28. Qd6 Rcc8 29. Qxe5 Rfe8 30. Re7 Red8 31. Rc7 Be2 32. Ne3 Nfd7 33.
Rxc8 Rxc8 34. Qb2 Ba6 35. Nf5 Kf8 36. Qxg7+ Ke8 37. Qh8+  1-0

[Event "2. Bundesliga Ost 2017/2018"]
[Site "alle Wien"]
[Date "2017.11.19"]
[Round "4"]
[Board "4"]
[White "Plank, Franz"]
[Black "Alvir, Aco"]
[Result "1/2-1/2"]
[WhiteElo "2197"]
[BlackElo "2337"]
[PlyCount "93"]
[EventDate "2017.10.21"]
[EventType "team"]
[EventRounds "11"]
[EventCountry "AUT"]
[WhiteTeam "L.A. Kraftanlage Ottakring 2"]
[BlackTeam "ASVOE Pamhagen 2"]

1. e4 c5 2. Nf3 e6 3. c4 Nc6 4. Nc3 Nf6 5. a3 Be7 6. d4 cxd4 7. Nxd4 O-O 8. Be2
d6 9. O-O Bd7 10. Ndb5 Qb8 11. Be3 Rd8 12. f3 Be8 13. Qc2 Ne5 14. Rac1 Rc8 15.
Qb3 a6 16. Nd4 Ned7 17. Rfd1 Qc7 18. Qa2 b6 19. b3 Qb7 20. Bf1 Bf8 21. Qb2 Rc7
22. Bf2 Rac8 23. a4 g6 24. Be3 Qb8 25. Qd2 Nc5 26. Qa2 Ncd7 27. Qd2 Qb7 28. Qb2
Be7 29. Qd2 Rd8 30. Qb2 Qc8 31. Qd2 Nf8 32. Qb2 N8d7 33. Qd2 Nc5 34. Qb2 h5 35.
Qa2 Ncd7 36. Qd2 Nh7 37. Kh1 h4 38. h3 Nc5 39. Rb1 Nf6 40. Qa2 Nh5 41. Kg1 Bf6
42. Qd2 Qd7 43. Nde2 Qe7 44. Kh2 Rcc8 45. Kg1 Bc6 46. Kh2 Qc7 47. Kg1  1/2-1/2

[Event "2. Bundesliga Ost 2017/2018"]
[Site "alle Wien"]
[Date "2017.11.19"]
[Round "4"]
[Board "5"]
[White "Franzen, Jozef"]
[Black "Scheffknecht, Philipp"]
[Result "1-0"]
[WhiteElo "2267"]
[BlackElo "2129"]
[PlyCount "147"]
[EventDate "2017.10.21"]
[EventType "team"]
[EventRounds "11"]
[EventCountry "AUT"]
[WhiteTeam "ASVOE Pamhagen 2"]
[BlackTeam "L.A. Kraftanlage Ottakring 2"]

1. e4 d6 2. d4 Nf6 3. Nc3 g6 4. f4 Bg7 5. Nf3 c5 6. dxc5 Qa5 7. Bd3 Qxc5 8. Qe2
Nbd7 9. Be3 Qa5 10. O-O O-O 11. Kh1 a6 12. a3 Re8 13. Bd2 e5 14. Qf2 Qd8 15.
Bc4 b5 16. Ba2 Bb7 17. Ng5 Re7 18. f5 Rc8 19. Rae1 Nf8 20. Qh4 Rd7 21. fxg6
hxg6 22. Rf3 Rcc7 23. Ref1 d5 24. exd5 e4 25. Ngxe4 Nxd5 26. Bg5 Qa8 27. Bxd5
Rxd5 28. Nxd5 Bxd5 29. Nf6+ Bxf6 30. Bxf6 Nh7 31. R3f2 Nxf6 32. Qxf6 Rc4 33.
Qg5 Qc6 34. c3 Qe6 35. Qd8+ Kg7 36. Qf6+ Qxf6 37. Rxf6 Re4 38. R6f2 Bb3 39. Kg1
a5 40. h3 a4 41. Rc1 Re5 42. Kh2 Re3 43. Rcf1 Bd5 44. Rd1 Be6 45. Rdd2 Bc4 46.
Rf3 Re5 47. Kg3 Bd5 48. Rf4 Rg5+ 49. Rg4 Rf5 50. h4 Bc4 51. Rg5 Rf6 52. Re5 Rf1
53. h5 gxh5 54. Rxh5 Kg6 55. Rc5 Kg7 56. Rf2 Re1 57. Kf4 Kf6 58. Rc6+ Ke7 59.
g4 Bd5 60. Rb6 Bc4 61. g5 Kf8 62. g6 fxg6 63. Rxg6 Ke7 64. Rd2 Bf7 65. Rg5 Rf1+
66. Ke5 Rh1 67. Kd4 Be8 68. Kc5 Rh6 69. Re5+ Kf8 70. Rf2+ Bf7 71. Ref5 Rh7 72.
Kxb5 Ke7 73. Rxf7+ Rxf7 74. Rxf7+  1-0

[Event "2. Bundesliga Ost 2017/2018"]
[Site "alle Wien"]
[Date "2017.11.19"]
[Round "4"]
[Board "6"]
[White "Peyrer, Konstantin"]
[Black "Lovrinovic, Christian"]
[Result "1-0"]
[WhiteElo "2133"]
[BlackElo "2142"]
[PlyCount "129"]
[EventDate "2017.10.21"]
[EventType "team"]
[EventRounds "11"]
[EventCountry "AUT"]
[WhiteTeam "L.A. Kraftanlage Ottakring 2"]
[BlackTeam "ASVOE Pamhagen 2"]

1. e4 c5 2. Nf3 d6 3. c3 Nf6 4. Be2 Nbd7 5. d3 g6 6. Nbd2 Bg7 7. Qc2 O-O 8. Nf1
Rb8 9. a4 b6 10. Ng3 Qc7 11. O-O e5 12. h3 Kh8 13. Nh4 d5 14. Rd1 Bb7 15. c4 d4
16. Bd2 Ng8 17. Qc1 Qd8 18. Nf3 h6 19. Nh2 Qh4 20. Be1 Qe7 21. a5 f5 22. f3 f4
23. Nh1 h5 24. Nf2 Bf6 25. Qd2 Nh6 26. axb6 axb6 27. Ra7 Bh4 28. Nh1 Bxe1 29.
Qxe1 g5 30. Nf2 Rg8 31. Rda1 Nf6 32. Qd1 Rg7 33. h4 gxh4 34. Bf1 Rbg8 35. Nh3
Nfg4 36. fxg4 hxg4 37. Nf2 g3 38. Qh5 gxh2+ 39. Kxh2 Qf6 40. Kh1 Rh7 41. Be2
Qg5 42. Qxg5 Rxg5 43. Nh3 Rg3 44. R1a3 Rhg7 45. Bf3 Ng8 46. Rb3 Bc8 47. Rxg7
Kxg7 48. Ng1 Rg6 49. Bh5 Rd6 50. Ra3 Nf6 51. Be2 Ng4 52. Ra7+ Kf6 53. Nf3 Be6
54. Nxh4 Ne3 55. Rh7 b5 56. cxb5 Rb6 57. Rh6+ Ke7 58. Nf5+ Kd7 59. Rh7+ Kd8 60.
Ne7 Rxb5 61. Nc6+ Ke8 62. Re7+ Kf8 63. Rxe6 Rxb2 64. Bf3 Rd2 65. Nxe5  1-0

[Event "2. Bundesliga Ost 2017/2018"]
[Site "alle Wien"]
[Date "2017.11.19"]
[Round "4"]
[Board "1"]
[White "Jovanovic, Dusan"]
[Black "Schroll, Gerhard"]
[Result "1-0"]
[WhiteElo "2379"]
[BlackElo "2293"]
[PlyCount "46"]
[EventDate "2017.10.21"]
[EventType "team"]
[EventRounds "11"]
[EventCountry "AUT"]
[WhiteTeam "SK Sparkasse Bad Voeslau"]
[BlackTeam "ASVOE Mattersburg"]

1. Nf3 f5 2. g3 Nf6 3. Bg2 e6 4. c4 d5 5. d4 c6 6. O-O Bd6 7. b3 Qe7 8. a4 Nbd7
9. Ba3 O-O 10. e3 a5 11. Bxd6 Qxd6 12. Na3 b6 13. Qc2 Ba6 14. Rfd1 Ne4 15. Qb2
g5 16. Ne5 Nxe5 17. dxe5 Qe7 18. Nc2 Rfc8 19. Nd4 Rab8 20. Rac1 Nc5 21. Qa3 g4
22. cxd5 exd5 23. Nxf5 Qxe5  1-0

[Event "2. Bundesliga Ost 2017/2018"]
[Site "alle Wien"]
[Date "2017.11.19"]
[Round "4"]
[Board "2"]
[White "Brod, Manfred"]
[Black "Juhasz, Armin"]
[Result "1/2-1/2"]
[WhiteElo "2244"]
[BlackElo "2363"]
[PlyCount "49"]
[EventDate "2017.10.21"]
[EventType "team"]
[EventRounds "11"]
[EventCountry "AUT"]
[WhiteTeam "ASVOE Mattersburg"]
[BlackTeam "SK Sparkasse Bad Voeslau"]

1. e4 c6 2. d4 d5 3. Nc3 dxe4 4. Nxe4 Bf5 5. Ng3 Bg6 6. Bc4 e6 7. N1e2 Bd6 8.
Nf4 Nf6 9. c3 Nbd7 10. h4 Bxf4 11. Bxf4 h6 12. Qe2 O-O 13. h5 Bh7 14. O-O Re8
15. Rad1 Nd5 16. Bc1 Qh4 17. Qf3 N7f6 18. Be2 b5 19. Rfe1 Bc2 20. Rd2 Bb1 21.
a3 Rac8 22. Rdd1 Bc2 23. Rd2 Bh7 24. Rdd1 a5 25. Nf1  1/2-1/2

[Event "2. Bundesliga Ost 2017/2018"]
[Site "alle Wien"]
[Date "2017.11.19"]
[Round "4"]
[Board "3"]
[White "Juhasz, Kristof"]
[Black "Strodl, Joachim"]
[Result "1-0"]
[WhiteElo "2404"]
[BlackElo "2164"]
[PlyCount "109"]
[EventDate "2017.10.21"]
[EventType "team"]
[EventRounds "11"]
[EventCountry "AUT"]
[WhiteTeam "SK Sparkasse Bad Voeslau"]
[BlackTeam "ASVOE Mattersburg"]

1. e4 c5 2. Nf3 g6 3. d4 cxd4 4. Nxd4 Bg7 5. c4 Nc6 6. Be3 Nf6 7. Nc3 Ng4 8.
Qxg4 Nxd4 9. Qd1 e5 10. Bd3 d6 11. O-O O-O 12. Rc1 Be6 13. Qc2 Rc8 14. b3 a6
15. f3 Rc6 16. Ne2 Nxe2+ 17. Qxe2 Qa5 18. Rb1 Qc7 19. Rbd1 a5 20. a4 h5 21. Qf2
Ra8 22. Rd2 Qe7 23. Rfd1 Bf8 24. Bc2 Qf6 25. h3 Be7 26. Rd3 g5 27. Qd2 Qg7 28.
Rf1 Raa6 29. Qf2 Ra8 30. Rd2 Rf8 31. Qg3 Ra8 32. Bd1 Rf8 33. Qf2 Ra8 34. h4 f6
35. Kh2 Qg6 36. Rg1 Kf7 37. g3 Rg8 38. f4 gxf4 39. gxf4 Bg4 40. f5 Qh7 41. Rd5
Bxd1 42. Rdxd1 Rcc8 43. Qd2 Rg4 44. Qd5+ Kf8 45. Rxg4 hxg4 46. Kg3 Rc7 47. Qxa5
Bd8 48. Rxd6 Rd7 49. Qd5 Rxd6 50. Qxd6+ Be7 51. Qb8+ Kf7 52. Qxb7 Qh8 53. Bc5
Qh6 54. Qxe7+ Kg8 55. Qf8+  1-0

[Event "2. Bundesliga Ost 2017/2018"]
[Site "alle Wien"]
[Date "2017.11.19"]
[Round "4"]
[Board "4"]
[White "Salamon, Werner"]
[Black "Plachetka, Jan"]
[Result "0-1"]
[WhiteElo "2162"]
[BlackElo "2314"]
[PlyCount "106"]
[EventDate "2017.10.21"]
[EventType "team"]
[EventRounds "11"]
[EventCountry "AUT"]
[WhiteTeam "ASVOE Mattersburg"]
[BlackTeam "SK Sparkasse Bad Voeslau"]

1. e4 c5 2. c3 Nf6 3. e5 Nd5 4. g3 Nc6 5. Bg2 e6 6. Nf3 d6 7. exd6 Bxd6 8. O-O
O-O 9. d4 cxd4 10. Nxd4 Nxd4 11. Qxd4 Qb6 12. Qxb6 axb6 13. Nd2 Bd7 14. Nc4 Bc7
15. Ne3 Nxe3 16. Bxe3 Bc6 17. Rfd1 Rfd8 18. a3 b5 19. Bc5 Bxg2 20. Kxg2 Rxd1
21. Rxd1 Rd8 22. Rxd8+ Bxd8 23. Kf3 f5 24. Ke3 Kf7 25. Kd3 e5 26. f3 Ke6 27. b3
Kd5 28. Be3 e4+ 29. fxe4+ fxe4+ 30. Kc2 Be7 31. a4 bxa4 32. c4+ Kc6 33. bxa4
Bc5 34. Bg5 Bd4 35. Be7 Be5 36. Kd2 Bd6 37. Bg5 Kc5 38. Ke3 Kxc4 39. Kxe4 Kb4
40. Kd5 Bc7 41. Be7+ Kxa4 42. Bf8 g5 43. Be7 g4 44. Ke6 b5 45. Kf5 Kb3 46. Kxg4
Kc4 47. Kh5 Bb6 48. Ba3 Bc5 49. Bb2 b4 50. Kh6 Bd4 51. Bc1 Kd3 52. Kxh7 Kc2 53.
Bf4 b3  0-1

[Event "2. Bundesliga Ost 2017/2018"]
[Site "alle Wien"]
[Date "2017.11.19"]
[Round "4"]
[Board "5"]
[White "Miazhynski, Yuri"]
[Black "Wiedner, Robert"]
[Result "0-1"]
[WhiteElo "2156"]
[BlackElo "2157"]
[PlyCount "52"]
[EventDate "2017.10.21"]
[EventType "team"]
[EventRounds "11"]
[EventCountry "AUT"]
[WhiteTeam "SK Sparkasse Bad Voeslau"]
[BlackTeam "ASVOE Mattersburg"]

1. e4 c5 2. Nf3 d6 3. d4 cxd4 4. Nxd4 Nf6 5. Nc3 a6 6. Bg5 e6 7. f4 Be7 8. Qf3
Qc7 9. O-O-O Bd7 10. e5 dxe5 11. fxe5 Nd5 12. Bxe7 Nxe7 13. Qg3 Ng6 14. Bd3 Nc6
15. Bxg6 hxg6 16. Nf3 O-O-O 17. Kb1 Ne7 18. Ne4 Nf5 19. Nd6+ Kb8 20. Nxf5 exf5
21. Nd4 Rde8 22. Rhe1 Re7 23. Rd3 Rhe8 24. Rde3 Ka8 25. b3 Qc5 26. Qf4 g5  0-1

[Event "2. Bundesliga Ost 2017/2018"]
[Site "alle Wien"]
[Date "2017.11.19"]
[Round "4"]
[Board "6"]
[White "Braun, Karl-Heinz"]
[Black "Dittel, Herbert"]
[Result "1-0"]
[WhiteElo "2022"]
[BlackElo "2067"]
[PlyCount "127"]
[EventDate "2017.10.21"]
[EventType "team"]
[EventRounds "11"]
[EventCountry "AUT"]
[WhiteTeam "ASVOE Mattersburg"]
[BlackTeam "SK Sparkasse Bad Voeslau"]

1. e4 c5 2. c3 d5 3. exd5 Qxd5 4. Nf3 Nc6 5. Na3 Bg4 6. Be2 e6 7. Nc2 Qd7 8. a4
Nf6 9. O-O Be7 10. Ne3 Bxf3 11. Bxf3 O-O 12. Nc4 Rfd8 13. Re1 Nd5 14. g3 b6 15.
Qc2 Rab8 16. d3 a6 17. Be2 b5 18. axb5 axb5 19. Ne3 Bf6 20. Ng4 Be7 21. Ne3 b4
22. Nc4 Bf6 23. Bd2 Na7 24. Ne3 Nb5 25. Nxd5 Qxd5 26. Bf1 Qf5 27. Qc1 h6 28.
Ra5 bxc3 29. bxc3 g5 30. d4 cxd4 31. c4 Rdc8 32. Qd1 Bd8 33. Rxb5 Rxb5 34. cxb5
Bb6 35. Bg2 Qxb5 36. Qb1 Qa6 37. Bf1 Qa7 38. Bd3 Rd8 39. Re5 Bc7 40. Rb5 Qa8
41. Be4 Qa6 42. Rb7 Qd6 43. Qb5 Qe5 44. Qc6 Bb8 45. f4 Qf6 46. Qb5 Bxf4 47.
gxf4 gxf4 48. Rb8 d3 49. Qb6 Qa1+ 50. Kf2 Rxb8 51. Qxb8+ Kg7 52. Qb4 Qa7+ 53.
Kg2 h5 54. Bxf4 Qa2+ 55. Bd2 f5 56. Bf3 Kg6 57. Qf4 Kf7 58. Bxh5+ Ke7 59. Qc7+
Kf6 60. Qc3+ e5 61. Qxd3 Qa8+ 62. Kh3 Qc6 63. Qd8+ Ke6 64. Qg8+  1-0

[Event "2. Bundesliga Ost 2017/2018"]
[Site "alle Wien"]
[Date "2017.11.19"]
[Round "4"]
[Board "1"]
[White "Pacher, Milan"]
[Black "Sadilek, Peter"]
[Result "1/2-1/2"]
[WhiteElo "2433"]
[BlackElo "2298"]
[PlyCount "72"]
[EventDate "2017.10.21"]
[EventType "team"]
[EventRounds "11"]
[EventCountry "AUT"]
[WhiteTeam "SK Austria"]
[BlackTeam "tschaturanga"]

1. e4 e6 2. d4 d5 3. Nc3 Nf6 4. e5 Nfd7 5. f4 c5 6. Nf3 Nc6 7. Be3 cxd4 8. Nxd4
Qb6 9. Qd2 Qxb2 10. Rb1 Qa3 11. Bb5 Nxd4 12. Bxd4 a6 13. Bxd7+ Bxd7 14. Rxb7
Bb4 15. O-O Rc8 16. Rf3 Rc4 17. Kh1 Bc8 18. Rb8 O-O 19. h4 Bd7 20. Rxf8+ Kxf8
21. h5 h6 22. Qd3 Kg8 23. Kh2 Bxc3 24. Bxc3 Qc5 25. Be1 Bb5 26. Rg3 Rxc2 27.
Qf3 Be2 28. Qb3 Bxh5 29. f5 exf5 30. e6 fxe6 31. Bc3 Rxc3 32. Rxc3 Qd4 33. Qb8+
Kh7 34. Rc8 Qh4+ 35. Kg1 Qe1+ 36. Kh2 Qh4+  1/2-1/2

[Event "2. Bundesliga Ost 2017/2018"]
[Site "alle Wien"]
[Date "2017.11.19"]
[Round "4"]
[Board "2"]
[White "Morgunov, Marc"]
[Black "Hangweyrer, Manfred"]
[Result "0-1"]
[WhiteElo "2203"]
[BlackElo "2370"]
[PlyCount "86"]
[EventDate "2017.10.21"]
[EventType "team"]
[EventRounds "11"]
[EventCountry "AUT"]
[WhiteTeam "tschaturanga"]
[BlackTeam "SK Austria"]

1. e4 d6 2. d4 Nf6 3. Nc3 e5 4. Nf3 Nbd7 5. Bc4 Be7 6. O-O O-O 7. Re1 a6 8. a4
b6 9. h3 Bb7 10. Bg5 c6 11. Bxf6 Bxf6 12. d5 c5 13. Ne2 g6 14. c3 Bg7 15. b4
cxb4 16. cxb4 a5 17. Bb5 axb4 18. Bxd7 Qxd7 19. Qb3 f5 20. Nd2 Ba6 21. Qxb4 Bh6
22. Nc4 Bxc4 23. Qxc4 Ra5 24. Reb1 Rc5 25. Qb3 fxe4 26. Qxb6 Qf7 27. Qxd6 Rc2
28. Qe6 Rxe2 29. a5 Rxf2 30. a6 Be3 31. Kh1 Rf6 32. Qxf7+ R6xf7 33. Rb7 Ra8 34.
Kh2 Bd4 35. Ra2 e3 36. d6 Ra7 37. Rc2 Rfxb7 38. Rc8+ Kg7 39. axb7 e2 40. b8=Q
e1=Q 41. Rg8+ Kh6 42. Rxg6+ Kxg6 43. Qg8+ Kh6  0-1